000 00775nam a2200265 a 4500
001 32558
003 BD-RjUL
005 20211209051844.0
008 140427r19491911enk 001 0beng d
035 _a(BD-RjUL)32647
040 _aBD-RjUL
_beng
_cBD-RjUL
041 _aeng
082 0 4 _bIRL 1949
_a297.9921
100 1 _aIrving, Washington,
_d1783-1859.
_952492
245 1 0 _aLife of Mahomet /
_cby Washington Irving
260 _aLondon :
_bDent ;
_aNew York :
_bDutton,
_c1911 [Reprinted 1949]
300 _axx, 265 p. ;
_c18 cm.
504 _aIncludes Index
600 0 0 _aMuḼammad,
_cProphet,
_d-632
_999037
650 0 _aIslam.
_999034
650 0 _aMuslims
_vBiography.
_998030
830 0 _v513
_999038
830 0 _aEveryman's library ;
_999039
942 _2ddc
_cBK
999 _c32558
_d32558